01653nam a22002657a 45000010005000000030006000050050017000110080041000280200018000690200018000870400029001050500013001340820011001471000018001582450071001762600037002473000044002844900021003285050008003495200927003575210020012845210020013046500028013247000035013525132FISKH20250828104729.0241107b cb ||||| |||| 00| 0 eng d a9780439944472 a9781407142647 aFISKHbengcFISKHdFISKH aQ163.A76 a612.82 aArnold, Nick  aBulging Brains /cby Nick Arnold : illustrated by Tony De Saulles  aNew York :bScholastic ;c1999 . a169 pages : billustrations ;c21 cm .  aHorrible Science aV  aCerebellum, lobes, neurons, nerves-these are what make up the brain, the most important organ of all. Did you know that a super-sophisticated computer is sitting right inside your skull? Or how about the fact that it's actually red and slimy? Whether you're taking a test in class, throwing a dodge ball during recess, playing video games at a friend's house, or even sleeping in your bed, you're using your brain. It controls both your motions and emotions, not to mention your speech, senses, digestion, and just about every other body function. We are our brains! But why are some people so smart and others so, well, brain dead? Mind-boggling brainiac Nick Arnold, the Aventis Prize-winning author of the Horrible Science series, relates information to kids with lively humor and never dumbs down the material. Narrator George K. Wilson taps into his higher brain functions to deliver a thoroughly captivating reading.8 a870 bLexile 8 aV bRaz-Plus  ahuman bodyvnon-fiction aSaulles, Tony Deeillustrator